000 00602nam a2200193 4500
008 160413b xxu||||| |||| 00| 0 eng d
020 _a9789715870464
082 _22009
_aDFil 657.42
_bV63c
100 _95386
_aVicente, Maria Violeta V.
245 _aCost accounting & cost management/
_cMaria Violeta V. Vicente.
250 _a2009 Edition
260 _aMandaluyong City:
_bMutual Books,
_cc2009.
300 _a534 pages:
_billustrations;
_c23 cm.
500 _aIncludes index.
650 0 _95387
_aCost accounting
650 0 _98583
_aCost management
365 _b550.00
_cPhp
942 _2ddc
_cBK
999 _c1702
_d1702